000 00956nam a2200229Ii 4500
003 JO-AjNU
008 230605s9999||||xx |||||||||||||| ||und||
017 _a2010/7/2649
020 _a978-9957-32-539-8
040 _aJO-AjNU
_bara
_erda
_cJO-AjNU
041 _aara
050 1 4 _aBF176.D345.2011
100 3 _aالداهري،صالح حسن أحمد,
_eauthor
_930312
245 0 0 _aأساسيات القياس النفسي في الإرشاد والصحة النفسية
250 _aط1
264 3 1 _aعمان:دار الحامد للنشر والتوزيع ، 2011
300 _a370ص
_bفهرس مصطلحات احصائية من ص 323-ص337 ، فهرس تعريفات مختصرة لبعض المصطلحات الاحصائية من ص 339- ص 370
336 _atext
_btxt
_2rdacontent
337 _aunmediated
_bn
_2rdamedia
338 _avolume
_bnc
_2rdacarrier
650 4 _aالارشاد النفسي-الصحة النفسية
_930313
999 _aA12001
_c15569
_d15569